000 00971pam a2200325 a 4500
999 _c1292
_d1292
001 015601200
003 Uk
005 20221228092335.0
008 100706s2011 enka j 000|1 eng|d
015 _aGBB084502
_2bnb
016 7 _a015601200
_2Uk
020 _a9781848983977 (hbk.) :
020 _a1848983972 (hbk.) :
040 _aStDuBDS
_beng
_cStDuBDS
_dUk
_dKH8
042 _aukblsr
082 0 4 _a428.6
_223
100 1 _aGrindley, Sally.
_eAuthor
245 1 0 _aSnail trail /
_cwritten by Sally Grindley ; illustrated by Mike Phillips.
260 _aTunbridge Wells :
_bWise Walrus,
_c2011.
300 _a24 p. :
_bcol. ill. ;
_c21 cm.
336 _atext
_2rdacontent
337 _aunmediated
_2rdamedia
338 _avolume
_2rdacarrier
490 0 _aI love reading phonics
650 0 _aSnails
_vJuvenile fiction.
655 0 _aReaders (Elementary)
655 0 _aChildren's stories.
700 1 _aPhillips, Mike,
_d1961-
_eIllustrator
942 _2ddc
_cNFIC